Documentos para la historia de la Iglesia colonial en Venezuela.

Saved in:
Bibliographic Details
Corporate Authors: Archivio vaticano, Archivo General de Indias
Other Authors: Figuera, Guillermo
Format: Book
Language:Spanish
Published: Caracas, Academia Nacional de la Historia, 1965-
Series:Biblioteca de la Academia Nacional de la Historia. Fuentes para la historia colonial de Venezuela ; 74-
Subjects:
LEADER 01472nam a22003251 4500
001 c000042918
003 CARM
005 00000000000000.0
008 761015m19659999ve ch 00100 spa
019 1 |a 1104905  |5 LACONCORD2021 
035 |a (OCoLC)2490189  |5 LACONCORD2021 
040 |c CtY 
043 |a s-ve--- 
050 0 0 |a BX1488.A2  |b D6 
245 0 0 |a Documentos para la historia de la Iglesia colonial en Venezuela.  |c Estudio preliminar, por Guillermo Figuera. 
260 |a Caracas,  |b Academia Nacional de la Historia,  |c 1965- 
300 |a v.  |b facsim., port.  |c 23 cm. 
440 0 |a Biblioteca de la Academia Nacional de la Historia.  |p Fuentes para la historia colonial de Venezuela ;  |v 74- 
500 |a "Documentos ... en el Archivo Vaticano y en el Archivo General de Indias." 
504 |a Bibliography: v. 1, p. [lxxi]-lxxii. 
610 2 0 |a Catholic Church  |z Venezuela  |x History  |x Sources. 
651 0 |a Venezuela  |x History  |x Sources. 
700 1 |a Figuera, Guillermo. 
710 2 0 |a Archivio vaticano. 
710 2 0 |a Archivo General de Indias. 
852 8 |b CARM  |h A2:AD02G0  |i C00453  |p 0027076  |f BK 
852 8 |b CARM  |h A2:AD02G0  |i C00453  |p 0027077  |f BK 
999 f f |i 49720cd2-0274-50f1-a5c2-6a83c3fd1eb3  |s 663387ad-0df6-5b12-9772-694e61d82ee5 
952 f f |p Can circulate  |a CAVAL  |b CAVAL  |c CAVAL  |d CARM 1 Store  |e C00453  |f A2:AD02G0  |h Other scheme  |i book  |j t.2 held  |m 0027077 
952 f f |p Can circulate  |a CAVAL  |b CAVAL  |c CAVAL  |d CARM 1 Store  |e C00453  |f A2:AD02G0  |h Other scheme  |i book  |j t.1 held  |m 0027076